Statistics for Which States Produce the most MLB Players

Click here to take the quiz!

General Stats

  • This quiz has been taken 39 times
  • The average score is 8 of 11

Answer Stats

HintAnswer% Correct
5.70 players per 100kCalifornia
100%
6.15 players per 100,000 populationFlorida
94%
4.14 players per 100kTexas
89%
4.76 players per 100kArizona
83%
5.11 players per 100kGeorgia
77%
4.48 players per 100kAlabama
69%
5.00 players per 100kMississippi
69%
4.44 players per 100kOklahoma
63%
4.51 players per 100kLouisiana
60%
4.21 players per 100kHawaii
54%
4.12 players per 100kConnecticut
31%

Score Distribution

Percentile by Number Answered

Percent of People with Each Score

Your Score History

You have not taken this quiz